| 000 | 00998nam a2200301 i 4500 | ||
|---|---|---|---|
| 003 | EG-GICUC | ||
| 005 | 20260410120413.0 | ||
| 008 | 260410s1995 fr ||||fr|||| 000 0 fre d | ||
| 020 | _a2707124443 | ||
| 040 |
_aEG-GiCUC _bfre _cEG-GiCUC _dEG-GiCUC _eRda |
||
| 082 | 0 | 4 |
_221 _a341.48 _bCH . H |
| 092 | 0 | 4 | _221 |
| 099 | _aLaw1 11 341.48 CH . H 1995 | ||
| 100 | 1 |
_aChemillier-gendreau, Monique _eAuteur |
|
| 245 | 1 | 0 |
_aHumanité Et Souverainetés : _bEssai Sur La Fonction Du Droit International / _cMonique Chemillier-gendreau. |
| 264 | 1 |
_aParis : _bÉditions La Découverte, _c1995. |
|
| 300 |
_a382page : _billustration ; _c 24 cm. |
||
| 336 |
_2rda contenu _a texte |
||
| 337 |
_2rda medias _aOrdinateur |
||
| 338 |
_2 transporteur rda _a Ressource en ligne |
||
| 504 | _a | ||
| 546 | _aTexte en français | ||
| 650 | 1 | 4 |
_aDroit international public _2 |
| 651 | 1 | _2 | |
| 856 | 4 | 0 | _uhttps://fll.law.cu.edu.eg/fulltext/bks/B11-09097.pdf |
| 905 | _a50 | ||
| 942 |
_2ddc _cBK _e21 _n0 |
||
| 999 |
_c69937 _d69937 |
||